| 000 | 00412nam a2200157Ia 4500 | ||
|---|---|---|---|
| 008 | 181130s2018 xx 000 0 und d | ||
| 100 | _aChinnadurai, M. | ||
| 245 | _aAllied sector as catalyst of economic growth | ||
| 260 | _c2018 | ||
| 300 | _ap.9-13. | ||
| 504 | _dApr | ||
| 650 | _aEconomic development | ||
| 700 | _aAshok, K.R. and Anbarasan | ||
| 773 | _aKurukshetra | ||
| 906 | _aEconomic development | ||
| 999 |
_c506567 _d506567 |
||